[Event "Druzynowe Mistrzostwa Polski Juniorow 2018 - II Liga"]
[Site "Szczyrk"]
[Date "1899-12-30"]
[Round "4.95"]
[White "Wojtowicz, Gabriela"]
[Black "Szopa, Emilia"]
[Result "0-1"]
[WhiteTitle "II"]
[BlackTitle "I"]
[WhiteElo "1000"]
[BlackElo "1422"]

1. d4 Nf6 2. c4 c5 3. e3 g6 4. Nc3 Bg7 5. Nf3 O-O 6. Be2 b6 7. O-O Bb7 8. d5 d6
9. e4 Na6 10. Re1 Nc7 11. e5 dxe5 12. Nxe5 Nfxd5 13. Nxd5 Bxe5 14. Bf3 Nxd5 15.
Rxe5 Nb4 16. Bh6 Bxf3 17. Qxf3 Re8 18. Qc3 f6 19. Re2 Qd3 20. Qxd3 Nxd3 21. Rd1
Ne5 22. b3 Kf7 23. Bf4 Nc6 24. h3 Nd4 25. Red2 Rad8 26. Be3 e5 27. Bxd4 Rxd4 28.
Rxd4 exd4 29. Kf1 Re5 30. Re1 Ke6 31. f4 Rxe1+ 32. Kxe1 Kf5 33. g3 Ke4 34. Ke2
f5 35. a3 h6 36. b4 d3+ 37. Kd2 Kd4 38. g4 Kxc4 39. gxf5 gxf5 40. bxc5 bxc5 41.
h4 h5 42. a4 a5 43. Kd1 Kc3 44. Kc1 d2+ 45. Kd1 c4 46. Ke2 Kc2 47. Ke3 Qd1 48.
Kf2 Kd3 49. Kg3 Ke3 50. Kh2 Kf3 51. Kh3 Qh1# 0-1

[Event "Druzynowe Mistrzostwa Polski Juniorow 2018 - II Liga"]
[Site "Szczyrk"]
[Date "1899-12-30"]
[Round "4.96"]
[White "Rzasa, Michal"]
[Black "Bujalski, Mateusz"]
[Result "0-1"]
[WhiteTitle "III"]
[BlackTitle "I"]
[WhiteElo "1000"]
[BlackElo "1804"]

1. e4 c5 2. c3 Nc6 3. Nf3 g6 4. Bc4 Bg7 5. O-O d6 6. Bb3 Nf6 7. Re1 Bg4 8. h3 Bd7
9. d4 cxd4 10. cxd4 O-O 11. Nc3 Rc8 12. Be3 a6 13. Rc1 b5 14. Bc2 Nb4 15. Bb1
Nc6 16. Ne2 d5 17. e5 Ne8 18. Nf4 Nc7 19. Rc5 e6 20. Nd3 Na8 21. Qd2 Nb6 22. b3
f6 23. Bf4 fxe5 24. Bxe5 Qe7 25. Rec1 Kh8 26. Qe3 Kg8 27. Kf1 Nxe5 28. Ndxe5 Rxc5
29. dxc5 Na8 30. Kg1 Bc8 31. Bd3 Nc7 32. b4 Ne8 33. Bc2 Nf6 34. a4 bxa4 35. Bxa4
Ne4 36. Bc2 Bxe5 37. Nxe5 Nf6 38. Qg5 Qg7 39. Bd3 Nh5 40. g3 Nf6 41. Rc2 Nd7 42.
Nxd7 Bxd7 43. Bxa6 Qa1+ 44. Kg2 Qxa6 45. Qe7 Bc8 46. Rb2 Qa3 47. Rb1 Qf3+ 48.
Kg1 Qxf2+ 49. Kh1 Qf3+ 50. Kh2 Qe2+ 51. Kg1 Qe3+ 52. Kh2 Rf2+ 0-1

[Event "Druzynowe Mistrzostwa Polski Juniorow 2018 - II Liga"]
[Site "Szczyrk"]
[Date "1899-12-30"]
[Round "4.97"]
[White "Sidorczuk, Dominik"]
[Black "Grubiak, Karol"]
[Result "1-0"]
[WhiteTitle "II"]
[BlackTitle "IV"]
[WhiteElo "1391"]
[BlackElo "1000"]

1. e4 e5 2. f4 d6 3. Nf3 Bg4 4. Be2 Bxf3 5. Bxf3 exf4 6. O-O Nd7 7. d4 Qf6 8. Bg4
O-O-O 9. Bxf4 Nh6 10. Bh3 Kb8 11. Nc3 Nb6 12. a4 Qe7 13. a5 Nc4 14. b3 Ne5 15.
Nd5 Qe8 16. dxe5 dxe5 17. Bd2 c6 18. Ne3 Bc5 19. Qe2 g5 20. b4 Bd4 21. c3 g4 22.
Bxg4 Nxg4 23. cxd4 Nxe3 24. Bxe3 exd4 25. Bf4+ Ka8 26. a6 b6 27. b5 c5 28. Qf3
Qd7 29. Bg5 Kb8 30. Bxd8 Rxd8 31. Qxf7 Qxf7 32. Rxf7 d3 33. Kf2 c4 34. Ke1 c3
35. Kd1 Re8 36. Ra3 Rc8 37. Rb7+ Ka8 38. Rd7 c2+ 39. Kc1 Kb8 40. Raxd3 1-0

[Event "Druzynowe Mistrzostwa Polski Juniorow 2018 - II Liga"]
[Site "Szczyrk"]
[Date "1899-12-30"]
[Round "4.98"]
[White "Bochenek, Ryszard"]
[Black "Pancewicz, Szymon"]
[Result "0-1"]
[WhiteTitle "II"]
[BlackTitle "II"]
[WhiteElo "1296"]
[BlackElo "1465"]

1. d4 Nf6 2. Nf3 g6 3. g3 Bg7 4. Bg2 O-O 5. c4 d6 6. O-O Nbd7 7. Nc3 e5 8. Re1
Re8 9. e4 exd4 10. Nxd4 Nc5 11. Qc2 Nfxe4 12. Nxe4 Bxd4 13. Qd2 Ne6 14. Qc2 Bd7
15. Be3 Bg7 16. Nc3 Bc6 17. Bxc6 bxc6 18. Rad1 Qf6 19. Qa4 Qf3 20. Qc2 a6 21.
Rd3 Nc5 22. Rdd1 Ne4 23. Nxe4 Rxe4 24. b3 Rae8 25. Bd2 Bd4 26. Rf1 Re2 0-1

[Event "Druzynowe Mistrzostwa Polski Juniorow 2018 - II Liga"]
[Site "Szczyrk"]
[Date "1899-12-30"]
[Round "4.99"]
[White "Sidorczuk, Pawel"]
[Black "Rzasa, Mateusz"]
[Result "1-0"]
[WhiteTitle "II"]
[BlackTitle "II"]
[WhiteElo "1393"]
[BlackElo "1092"]

1. e4 e5 2. Nf3 Nc6 3. Bc4 Nf6 4. d3 d6 5. Bg5 Bg4 6. c3 Be7 7. Qb3 O-O 8. Nbd2
Nd7 9. Bxe7 Qxe7 10. Qxb7 Na5 11. Qxc7 Nxc4 12. Nxc4 f6 13. Qxd6 Qf7 14. h3 Be6
15. Ne3 Rfd8 16. d4 Nf8 17. Qa6 Ng6 18. d5 Bc8 19. Qa5 Bb7 20. g3 Kh8 21. O-O
Qd7 22. Kg2 Ne7 23. c4 f5 24. Nxe5 Qe8 25. exf5 Nxf5 26. Nxf5 Qxe5 27. Ne3 a6
28. Rfe1 Qf6 29. Ng4 Qf7 30. Ne5 Qf6 31. Qc7 Rf8 32. Ng4 Qf3+ 33. Kg1 Bc8 34.
Re3 Qf5 35. Qe5 Qd7 36. c5 Qd8 37. c6 Bxg4 38. hxg4 Qc8 39. Qe6 Qb8 40. Re2 a5
41. d6 a4 42. c7 Qb7 43. Rc1 Rg8 44. d7 a3 45. b3 Rgf8 46. Qc8 Qxc8 47. Qdxc8
Raxc8 48. Rxc8 Rxc8 49. Qxc8# 1-0

[Event "Druzynowe Mistrzostwa Polski Juniorow 2018 - II Liga"]
[Site "Szczyrk"]
[Date "1899-12-30"]
[Round "4.100"]
[White "Trusz, Julia"]
[Black "Tkaczyk, Weronika"]
[Result "1-0"]
[WhiteTitle "I+"]
[BlackTitle "I++"]
[WhiteElo "1699"]
[BlackElo "1502"]

1. e4 e5 2. Nf3 Nc6 3. Bb5 a6 4. Ba4 Nf6 5. d3 b5 6. Bb3 Be7 7. c3 d6 8. h3 Na5
9. Bc2 c5 10. O-O h6 11. d4 exd4 12. cxd4 O-O 13. Re1 Nh7 14. Nc3 Re8 15. Nd5
Bf8 16. Ne3 Bb7 17. Nf5 Nc6 18. d5 Ne7 19. Nxe7+ Bxe7 20. Nh2 Qd7 21. Ng4 Nf6
22. Ne3 Bd8 23. Nf5 Bc8 24. Bf4 Bc7 25. Qf3 Qd8 26. Ng3 a5 27. Bd2 Bd7 28. Bc3
Nh7 29. Nh5 f6 30. Qg3 Qe7 31. Bd2 Kh8 32. Nf4 Qf7 33. Bd1 Ng5 34. Bh5 Qg8 35.
Bxe8 Rxe8 36. f3 b4 37. b3 Ra8 38. h4 Nf7 39. Ng6+ Kh7 40. f4 a4 41. h5 Bb5 42.
Ne7 Qe8 43. Qg6+ Kh8 44. Nf5 Qf8 45. Kh2 Be8 46. Qg3 Bd7 47. Qg6 Be8 48. Qg3 Bd7
49. Nh4 Kh7 50. Qd3 Kg8 51. Nf5 Qe8 52. Qf3 Rd8 53. Rac1 Qf8 54. Bxb4 axb3 55.
axb3 Rb8 56. Bd2 Kh7 57. Ra1 Bb6 58. Ra3 Bb5 59. Rea1 Qd8 60. Qg3 Qf8 61. Ra8
Rxa8 62. Rxa8 Be8 63. Rb8 Bd8 64. Ba5 Bd7 65. Bxd8 Bxf5 66. Bc7 Bc8 67. Qg6+ Kh8
68. g4 Kg8 69. e5 fxe5 70. f5 e4 71. f6 e3 72. Rxc8 e2 73. Qxg7# 1-0

[Event "Druzynowe Mistrzostwa Polski Juniorow 2018 - II Liga"]
[Site "Szczyrk"]
[Date "1899-12-30"]
[Round "4.101"]
[White "Wolszczak, Natalia"]
[Black "Opalka, Marta"]
[Result "1-0"]
[WhiteTitle "II+"]
[BlackTitle "III"]
[WhiteElo "1079"]
[BlackElo "1000"]

1. e4 e5 2. Nf3 Nc6 3. Bc4 h6 4. O-O Nf6 5. Nc3 Be7 6. Re1 O-O 7. d4 d6 8. d5 Nb4
9. a3 Na6 10. b4 Bg4 11. Qd3 Nh5 12. Ne2 Re8 13. h3 Bd7 14. Bxa6 bxa6 15. Qxa6
Bg5 16. Nxg5 hxg5 17. Qd3 g4 18. hxg4 Bxg4 19. Qe3 Qh4 20. Qg5 Qxg5 21. Bxg5 f6
22. Be3 g6 23. f3 Bd7 24. c4 Kg7 25. Kf2 f5 26. Nc3 Re7 27. Ke2 f4 28. Bf2 Kf6
29. a4 Bc8 30. c5 Ba6+ 31. b5 Bb7 32. a5 Ree8 33. Rec1 Bc8 34. Kd2 Ke7 35. b6
axb6 36. axb6 Rxa1 37. Rxa1 cxb6 38. Ra7+ Bd7 39. c6 Rd8 40. Bxb6 Rb8 41. Rxd7+
Kf6 42. c7 Rc8 43. Rd8 Rxc7 44. Bxc7 Ke7 45. Rxd6 Ke8 46. Rxg6 Kf7 47. Ra6 Ke7
48. d6+ Kd7 49. Na4 Kc8 50. Ra7 Nf6 51. Nb6# 1-0

[Event "Druzynowe Mistrzostwa Polski Juniorow 2018 - II Liga"]
[Site "Szczyrk"]
[Date "1899-12-30"]
[Round "4.102"]
[White "Gazda, Dominik"]
[Black "Markiewicz, Krzysztof"]
[Result "1-0"]
[WhiteTitle "I"]
[BlackTitle "II"]
[WhiteElo "1567"]
[BlackElo "1438"]

1. e4 c5 2. Nf3 d6 3. d3 Nf6 4. g3 e6 5. Bg2 Be7 6. O-O O-O 7. Re1 Nc6 8. c3 Qc7
9. Nbd2 a6 10. Nf1 b5 11. h4 Bb7 12. N1h2 Rfd8 13. Qe2 Rac8 14. g4 Ne5 15. g5
Nfd7 16. Bf4 Nxf3+ 17. Nxf3 Ne5 18. Bh3 Nxf3+ 19. Qxf3 Qc6 20. h5 d5 21. g6 dxe4
22. gxf7+ Kf8 23. dxe4 Bf6 24. h6 gxh6 25. Bxh6+ Kxf7 26. Bg5 e5 27. Qxf6+ Qxf6
28. Bxf6 Kxf6 29. Bxc8 Rxc8 30. f3 Rg8+ 31. Kf2 Ke6 32. Rh1 Rg7 33. Rh6+ Kd7 34.
Rah1 a5 35. Rxh7 Rxh7 36. Rxh7+ Kc6 37. Rh6+ Kd7 38. Ke3 c4 39. f4 exf4+ 40. Kxf4
Bc6 41. Ke5 b4 42. Rh7+ Kc8 43. Kd4 bxc3 44. bxc3 a4 45. e5 Bd7 46. Kd5 Bf5 47.
Rg7 Kd8 48. e6 Ke8 49. Kd6 Bxe6 50. Kxe6 Kf8 51. Ra7 1-0

[Event "Druzynowe Mistrzostwa Polski Juniorow 2018 - II Liga"]
[Site "Szczyrk"]
[Date "1899-12-30"]
[Round "4.103"]
[White "Szczepanski, Grzegorz"]
[Black "Jaszczuk, Mateusz"]
[Result "1/2-1/2"]
[WhiteTitle "III"]
[BlackTitle "II+"]
[WhiteElo "1184"]
[BlackElo "1393"]

1. d4 d5 2. c4 c6 3. Nf3 Nf6 4. e3 Nbd7 5. Qc2 e6 6. Nc3 Bb4 7. a3 Qa5 8. Bd2 dxc4
9. Bxc4 Nd5 10. O-O Bxc3 11. Bxc3 Nxc3 12. Qxc3 Qxc3 13. bxc3 O-O 14. Bd3 c5 15.
a4 b6 16. Be4 Rb8 17. Nd2 Bb7 18. Bxb7 Rxb7 19. Nc4 cxd4 20. cxd4 Rc7 21. Na3
a6 22. Rfd1 Nf6 23. f3 Rb8 24. Kf2 b5 25. axb5 axb5 26. Nxb5 Rc2+ 27. Kf1 g6 28.
Na3 Rc3 29. e4 Rbb3 30. Nb1 Rd3 31. Nd2 Rb4 32. Ke2 Rbxd4 33. Nf1 1/2-1/2

[Event "Druzynowe Mistrzostwa Polski Juniorow 2018 - II Liga"]
[Site "Szczyrk"]
[Date "1899-12-30"]
[Round "4.104"]
[White "Kucza, Kamil"]
[Black "Zychlewicz, Tomasz"]
[Result "0-1"]
[WhiteTitle "II"]
[BlackTitle "II"]
[WhiteElo "1000"]
[BlackElo "1252"]

1. e4 e5 2. Nf3 Nf6 3. Nxe5 d6 4. Nf3 Nxe4 5. Qe2 Qe7 6. d3 Nf6 7. Nc3 Nc6 8. Nb5
Be6 9. Bg5 O-O-O 10. O-O-O h6 11. Bh4 g5 12. Bg3 Bg7 13. Nfd4 Nxd4 14. Nxd4 Rhe8
15. Nb5 a6 16. Nc3 d5 17. h4 Qd7 18. Qd2 Rh8 19. d4 Qc6 20. Be5 Rdg8 21. Ne2 Ne4
22. Qe3 Bf5 23. Rd3 Bxe5 24. dxe5 Nxf2 25. Rc3 Ng4 26. Nd4 Qd7 27. Qf3 Be4 28.
Qg3 gxh4 29. Rxh4 Nf6 30. Qh2 Ne8 31. Rxh6 Rxh6 32. Qxh6 Qg4 33. Qh3 Qxh3 34.
gxh3 Rg1 0-1

[Event "Druzynowe Mistrzostwa Polski Juniorow 2018 - II Liga"]
[Site "Szczyrk"]
[Date "1899-12-30"]
[Round "4.105"]
[White "Gorczynski, Aleksander"]
[Black "Guzik, Michal"]
[Result "0-1"]
[WhiteTitle "IV"]
[BlackTitle "II"]
[WhiteElo "1000"]
[BlackElo "1188"]

1. e4 c5 2. Nf3 Nc6 3. d4 cxd4 4. Nxd4 Nf6 5. Nc3 d6 6. Bb5 Bd7 7. O-O g6 8. Nf3
Bg7 9. Be3 O-O 10. Qd2 a6 11. Bd3 Ne5 12. Be2 Bc6 13. Bh6 Nxe4 14. Nxe4 Bxe4 15.
Bxg7 Kxg7 16. Qd4 Bxf3 17. Bxf3 Qc7 18. Be4 Kg8 19. f4 Nd7 20. Rf3 Qc5 21. Qxc5
Nxc5 22. Bd5 e6 23. Bc4 Rac8 24. b3 d5 25. Bd3 Nxd3 26. cxd3 Rc2 27. a4 Rfc8 28.
Rff1 R8c3 29. Rfb1 Rxd3 30. b4 Rdd2 31. Kf1 Rxg2 0-1

[Event "Druzynowe Mistrzostwa Polski Juniorow 2018 - II Liga"]
[Site "Szczyrk"]
[Date "1899-12-30"]
[Round "4.107"]
[White "Chlasta, Joanna"]
[Black "Uliasz, Katarzyna"]
[Result "0-1"]
[WhiteTitle "IV"]
[BlackTitle "I"]
[WhiteElo "1000"]
[BlackElo "1236"]

1. e4 e5 2. Nf3 Nf6 3. Nc3 Nc6 4. Bb5 Bb4 5. a3 Ba5 6. O-O d6 7. Bxc6+ bxc6 8.
d4 exd4 9. Nxd4 Bb7 10. Bf4 Bxc3 11. bxc3 c5 12. Nf3 Nxe4 13. Re1 O-O 14. Nd2
Nxc3 15. Qg4 Qf6 16. Bg5 Qg6 17. Qh4 h6 18. Be3 Qxg2# 0-1

[Event "Druzynowe Mistrzostwa Polski Juniorow 2018 - II Liga"]
[Site "Szczyrk"]
[Date "1899-12-30"]
[Round "5.1"]
[White "Lis, Mateusz"]
[Black "Karpus, Michal"]
[Result "0-1"]
[WhiteTitle "k"]
[BlackTitle "FM"]
[WhiteElo "2102"]
[BlackElo "2364"]

1. e4 e5 2. Nf3 Nc6 3. Bb5 a6 4. Bxc6 dxc6 5. O-O f6 6. d4 Bg4 7. dxe5 Qxd1 8.
Rxd1 fxe5 9. Rd3 Bd6 10. Nbd2 Nf6 11. b3 O-O 12. Bb2 Rae8 13. Re1 b5 14. h3 Bc8
15. Kh2 Nd7 16. g3 Nc5 17. Rde3 a5 18. Kg2 a4 19. Nh4 axb3 20. axb3 Ne6 21. Ndf3
c5 22. c3 g6 23. Ra1 Bd7 24. Ree1 Rf7 25. Nh2 Ng5 26. Ng4 Bxg4 27. hxg4 Ref8 28.
Re2 Nxe4 29. Rf1 Nf6 30. g5 Nd7 31. Rd1 Nb6 32. f3 Ra8 33. Ra1 Rxa1 34. Bxa1 c4
35. b4 Nd5 36. Kh3 c6 37. Ra2 Be7 38. Ra6 Bxg5 39. Rxc6 Bxh4 40. Kxh4 Rxf3 41.
Rc5 Ne3 42. Rxb5 Rf1 43. Bb2 h6 44. g4 Rf3 45. Rb8+ Kf7 46. Rb7+ Ke6 47. Rb6+
Kd5 48. g5 Nf5+ 0-1

[Event "Druzynowe Mistrzostwa Polski Juniorow 2018 - II Liga"]
[Site "Szczyrk"]
[Date "1899-12-30"]
[Round "5.2"]
[White "Poltorak, Sebastian"]
[Black "Karwacki, Piotr"]
[Result "1/2-1/2"]
[WhiteTitle "I"]
[BlackTitle "I"]
[WhiteElo "1810"]
[BlackElo "1828"]

1. d4 d5 2. c4 Nc6 3. Nf3 Bg4 4. e3 e5 5. dxe5 dxc4 6. Qxd8+ Rxd8 7. Bxc4 Nxe5
8. Be2 Bb4+ 9. Bd2 Bxf3 10. gxf3 Bxd2+ 11. Nxd2 Ne7 12. f4 Nd3+ 13. Bxd3 Rxd3
14. Ke2 Rd5 15. Ne4 O-O 16. Rhd1 c6 17. Nc3 Rdd8 18. b4 h6 19. Rac1 f5 20. a4
Kf7 21. a5 g5 22. fxg5 hxg5 23. b5 Rfe8 24. a6 bxa6 25. bxa6 Ke6 26. Rg1 g4 27.
Rb1 Rb8 28. Na4 Rxb1 29. Rxb1 Rh8 30. Kf1 Rxh2 31. Kg1 Rh8 32. Rb7 Nc8 33. Rb8
Rd8 34. Kg2 Kd7 35. Nc5+ Kc7 36. Rb7+ Kd6 37. Nb3 Rd7 38. Rb8 Ne7 39. Na5 c5 40.
Rb7 Rxb7 41. axb7 Kc7 42. Kg3 Nd5 43. e4 fxe4 44. Kxg4 e3 45. fxe3 Nxe3+ 46. Kf4
Nc4 47. Nxc4 Kxb7 48. Ke4 Kc6 49. Kd3 Kb5 50. Kc3 a6 51. Kb3 a5 52. Nxa5 Kxa5
53. Kc4 Kb6 54. Kc3 Kb5 55. Kb3 c4+ 56. Kc3 Kc5 57. Kc2 Kb4 58. Kb2 c3+ 59. Kc2
Kc4 60. Kc1 Kb3 61. Kb1 c2+ 62. Kc1 Kc3 1/2-1/2

[Event "Druzynowe Mistrzostwa Polski Juniorow 2018 - II Liga"]
[Site "Szczyrk"]
[Date "1899-12-30"]
[Round "5.3"]
[White "Wierzbicki, Dawid"]
[Black "Meers, Hubert"]
[Result "0-1"]
[WhiteTitle "I"]
[BlackTitle "I+"]
[WhiteElo "1487"]
[BlackElo "1808"]

1. e4 c5 2. Nf3 Nc6 3. g3 g6 4. d3 Bg7 5. Bg2 d6 6. c3 e5 7. Be3 Nf6 8. h3 b5 9.
Nbd2 Qb6 10. a3 a5 11. Qb3 a4 12. Qc2 Bd7 13. g4 h5 14. g5 Nh7 15. h4 Nf8 16.
Ng1 Ne6 17. Ne2 O-O 18. Nf1 Qa6 19. Nfg3 b4 20. O-O c4 21. dxc4 Qxc4 22. Rad1
Ned4 23. Bxd4 exd4 24. Rd3 Rac8 25. Rfd1 Be6 26. Qd2 bxc3 27. bxc3 dxc3 28. Qc2
Qc5 29. Kh2 Bb3 30. Qc1 Bxd1 31. Rxd1 c2 32. Rd2 Na5 33. Rd5 Qc7 34. Rxa5 Qxa5
35. Nf1 Qb5 36. Bf3 Bb2 37. Qd2 Qc1 38. Nxc1 Bxc1 39. Qe1 Bf4+ 40. Ng3 Rc1 41.
Qe2 Qxe2 42. Bxe2 Bxg3+ 43. Kxg3 Rc3+ 44. f3 Rxa3 45. Bc4 Rc8 46. Bd5 Rcc3 47.
e5 dxe5 48. Be4 Re3 49. Bd5 e4 50. Kf4 Rxf3+ 51. Kxe4 Rae3+ 52. Kd4 Rd3+ 53. Kc5
Rf5 54. Kc6 Rfxd5 55. Kb6 Rc3 56. Ka6 Rb3 57. Ka7 Ra5# 0-1

[Event "Druzynowe Mistrzostwa Polski Juniorow 2018 - II Liga"]
[Site "Szczyrk"]
[Date "1899-12-30"]
[Round "5.4"]
[White "Zabrzanska, Weronika"]
[Black "Furgal, Grzegorz"]
[Result "1/2-1/2"]
[WhiteTitle "I++"]
[BlackTitle "II"]
[WhiteElo "1570"]
[BlackElo "1409"]

1. e4 e6 2. Qe2 Be7 3. Nf3 d5 4. e5 c5 5. d3 Nc6 6. g3 f6 7. Bg2 fxe5 8. Nxe5 Nxe5
9. Qxe5 Nf6 10. O-O Bd6 11. Qe2 O-O 12. Nc3 Bd7 13. a4 a6 14. a5 Qc7 15. Qd2 Rae8
16. d4 cxd4 17. Qxd4 Bc5 18. Qd1 Bc6 19. Bf4 Bd6 20. Be3 Nd7 21. Ne2 Bb5 22. Re1
Bxe2 23. Qxe2 Kh8 24. c3 Bc5 25. Bxc5 Nxc5 26. Bxd5 h6 27. Bc4 e5 28. Qc2 Rd8
29. b3 Rfe8 30. Qg6 Rf8 31. Qc2 Rf3 32. Be2 Rf6 33. c4 Rdf8 34. Rf1 Qc6 35. f3
Ne6 36. h4 Nd4 1/2-1/2

[Event "Druzynowe Mistrzostwa Polski Juniorow 2018 - II Liga"]
[Site "Szczyrk"]
[Date "1899-12-30"]
[Round "5.5"]
[White "Cebula, Alicja"]
[Black "Leczek, Weronika"]
[Result "0-1"]
[WhiteTitle "I"]
[BlackTitle "k"]
[WhiteElo "1583"]
[BlackElo "1832"]

1. e4 c5 2. Nf3 Nc6 3. d4 cxd4 4. Nxd4 Qb6 5. Nb3 Nf6 6. Nc3 e6 7. Be3 Qc7 8. a3
Be7 9. Be2 O-O 10. O-O Rd8 11. f4 d5 12. e5 Ne4 13. Nb5 Qb8 14. Qe1 f6 15. exf6
Bxf6 16. c3 a6 17. N5d4 e5 18. fxe5 Qxe5 19. Bf4 Qe7 20. Nf3 Re8 21. Bd3 Bf5 22.
Rd1 Rad8 23. Kh1 Qf7 24. Be2 Re7 25. Nbd4 Nxd4 26. Nxd4 Bg6 27. Bf3 Bxd4 28. Rxd4
Qxf4 29. Bxe4 Rxe4 30. Rxe4 Qxe4 31. Qf2 Re8 32. Qb6 Qe2 33. Rg1 Qb5 34. Qd6 Be4
35. b4 Rf8 36. Qe6+ Kh8 37. Qe7 Qf1 38. Qg5 h6 39. Qg3 Qd3 40. Qc7 Rf1 41. Qc8+
Kh7 42. Qg4 Rxg1+ 43. Kxg1 Qe3+ 0-1

[Event "Druzynowe Mistrzostwa Polski Juniorow 2018 - II Liga"]
[Site "Szczyrk"]
[Date "1899-12-30"]
[Round "5.6"]
[White "Slusarczyk, Milena"]
[Black "Mroz, Lena"]
[Result "1/2-1/2"]
[WhiteTitle "I+"]
[BlackTitle "I++"]
[WhiteElo "1422"]
[BlackElo "1566"]

1. e4 d5 2. exd5 Nf6 3. d4 Nxd5 4. c4 Nb6 5. c5 Nd5 6. Bc4 g6 7. Nf3 Bg7 8. Qb3
e6 9. O-O O-O 10. Nc3 Nxc3 11. Qxc3 Nc6 12. Be3 Ne7 13. Qd2 Nf5 14. Rad1 Bd7 15.
Ne5 Nxe3 16. Qxe3 Qe7 17. Rfe1 Rad8 18. h3 Qe8 19. b4 Bb5 20. Bb3 Ba4 21. Qf3
Bxb3 22. Qxb3 Rd5 23. a4 Qd8 24. Nf3 Bxd4 25. Nxd4 Rxd4 26. Rxd4 Qxd4 27. Rd1
Qf6 28. Rd7 Qa1+ 29. Kh2 Qe5+ 30. Qg3 Qe4 31. Qxc7 Qxb4 32. Qxb7 Qxa4 33. Qxa7
Qf4+ 34. Kg1 Qb4 35. Qb7 Qf4 1/2-1/2

[Event "Druzynowe Mistrzostwa Polski Juniorow 2018 - II Liga"]
[Site "Szczyrk"]
[Date "1899-12-30"]
[Round "5.7"]
[White "Krawczyk, Flawian"]
[Black "Norek, Bartosz"]
[Result "0-1"]
[WhiteTitle "II"]
[BlackTitle "I"]
[WhiteElo "1425"]
[BlackElo "1784"]

1. d4 d5 2. Nf3 e6 3. Bf4 c5 4. c3 Nc6 5. e3 Nf6 6. Nbd2 Be7 7. Bd3 Nh5 8. Bg3
Bd7 9. Ne5 Nxg3 10. hxg3 Nxe5 11. dxe5 g6 12. g4 Qc7 13. Nf3 Bf8 14. Qe2 Bg7 15.
e4 d4 16. cxd4 cxd4 17. Qc2 Qb6 18. O-O O-O 19. Qb3 Qxb3 20. axb3 a6 21. Rfc1
Rfc8 22. Rc4 Rxc4 23. bxc4 Rc8 24. Ra5 b5 25. cxb5 axb5 26. Nxd4 Bxe5 27. Nxb5
Rc1+ 28. Bf1 Bxb2 29. g3 Bc6 30. Nd6 Rd1 31. Nc4 Bd4 32. e5 Bf3 33. g5 Be2 34.
Nd6 Rxf1+ 35. Kg2 Rxf2+ 36. Kh3 h5 37. gxh6 Kh7 38. Ne4 Rf5 39. Nf6+ Kxh6 40.
Ra8 Bf1+ 41. Kh4 Bxe5 0-1

[Event "Druzynowe Mistrzostwa Polski Juniorow 2018 - II Liga"]
[Site "Szczyrk"]
[Date "1899-12-30"]
[Round "5.8"]
[White "Hryn, Zofia"]
[Black "Kupiecki, Szymon"]
[Result "1/2-1/2"]
[WhiteTitle "I++"]
[BlackTitle "I"]
[WhiteElo "1668"]
[BlackElo "1644"]

1. d4 Nf6 2. c4 g6 3. Nc3 Bg7 4. Nf3 d6 5. g3 O-O 6. Bg2 Nc6 7. O-O e5 8. Bg5 h6
9. dxe5 hxg5 10. exf6 Bxf6 11. Rc1 g4 12. Nd2 Kg7 13. b3 Rh8 14. Nd5 Be5 15. f4
gxf3 16. Nxf3 Rh5 17. Nxe5 Nxe5 18. Nf4 Rh6 19. Qd4 f6 20. Bxb7 Rb8 21. Bxc8 Qxc8
22. Qe4 g5 23. Nd5 Qh3 24. Qg2 Rbh8 25. Qxh3 Rxh3 26. Nxf6 Rxh2 27. Ne8+ Kg8 28.
Nf6+ Kg7 29. Ne8+ Kg8 30. Nf6+ Kg7 31. Ne8+ 1/2-1/2

[Event "Druzynowe Mistrzostwa Polski Juniorow 2018 - II Liga"]
[Site "Szczyrk"]
[Date "1899-12-30"]
[Round "5.9"]
[White "Niedbala, Bartlomiej"]
[Black "Wielgus, Wojciech"]
[Result "1-0"]
[WhiteTitle "I++"]
[BlackTitle "I"]
[WhiteElo "2001"]
[BlackElo "1652"]

1. d4 d5 2. Bf4 Nf6 3. e3 c5 4. Nf3 Nc6 5. c3 Qb6 6. Qb3 c4 7. Qc2 Bf5 8. Qc1 g6
9. Nbd2 Bg7 10. h3 O-O 11. g4 Bc8 12. Ne5 Nxe5 13. Bxe5 Nd7 14. Bxg7 Kxg7 15.
Bg2 Qb5 16. f4 Nf6 17. b3 cxb3 18. axb3 a5 19. c4 dxc4 20. bxc4 Qb6 21. O-O a4
22. Qc3 Qa5 23. Qxa5 Rxa5 24. Rfb1 Ra7 25. c5 Rd8 26. Nc4 Be6 27. Nb6 Bd7 28.
Nxd7 Rxd7 29. Rb4 e6 30. Rbxa4 Rxa4 31. Rxa4 Nd5 32. Bxd5 exd5 33. Ra8 f6 34.
Kf2 Kf7 35. Ra7 Ke7 36. Kf3 f5 37. gxf5 gxf5 38. Kg3 Ke6 39. Kh4 Re7 40. c6 bxc6
41. Rxe7+ Kxe7 42. Kg5 Ke6 43. h4 h5 44. Kxh5 Kf6 45. Kh6 Kf7 46. Kg5 1-0

[Event "Druzynowe Mistrzostwa Polski Juniorow 2018 - II Liga"]
[Site "Szczyrk"]
[Date "1899-12-30"]
[Round "5.11"]
[White "Kulpa, Zuzanna"]
[Black "Hryn, Aleksandra"]
[Result "1/2-1/2"]
[WhiteTitle "I++"]
[BlackTitle "I"]
[WhiteElo "1818"]
[BlackElo "1643"]

1. d4 Nf6 2. c4 e6 3. Nf3 c5 4. d5 b5 5. Bg5 bxc4 6. e4 Qa5+ 7. Qd2 Qxd2+ 8. Nfxd2
Be7 9. dxe6 fxe6 10. Bxc4 Bb7 11. Nc3 a6 12. O-O Nc6 13. f3 O-O 14. Rad1 Ne5 15.
f4 Ng6 16. f5 Ne5 17. fxe6 Nxc4 18. Nxc4 dxe6 19. e5 Nd5 20. Bxe7 Nxe7 21. Rd7
Bd5 22. Ne3 Ng6 23. Ncxd5 exd5 24. Rxd5 Rxf1+ 25. Kxf1 Rf8+ 26. Ke1 Nf4 27. Rd2
Re8 28. Nc4 Ng6 29. Re2 Nf4 30. Re4 Nd3+ 31. Ke2 Nc1+ 32. Kd2 Nxa2 33. e6 Re7
34. Nd6 Nb4 35. Re5 h6 36. Nc8 Re8 37. Nd6 Re7 38. Nc8 Re8 39. e7 Nc6 40. Rxc5
Nxe7 41. Nxe7+ Rxe7 42. Rc6 Rf7 43. Kc3 Rf2 44. Rg6 Kh7 45. Rg3 g5 46. b3 Kg6
47. Kd4 1/2-1/2

[Event "Druzynowe Mistrzostwa Polski Juniorow 2018 - II Liga"]
[Site "Szczyrk"]
[Date "1899-12-30"]
[Round "5.12"]
[White "Kieca, Aleksandra"]
[Black "Kulpa, Karolina"]
[Result "1/2-1/2"]
[WhiteTitle "I"]
[BlackTitle "I"]
[WhiteElo "1458"]
[BlackElo "1323"]

1. e4 c6 2. d4 d5 3. e5 Bf5 4. Bd3 Bxd3 5. Qxd3 e6 6. Nf3 Nd7 7. O-O Ne7 8. Nbd2
c5 9. dxc5 Nxc5 10. Qe2 Nc6 11. a3 Qc7 12. b4 Nd7 13. Bb2 Be7 14. c4 Nb6 15. Rac1
Qd8 16. Rfd1 O-O 17. cxd5 Nxd5 18. Ne4 Qb6 19. Nc5 Bxc5 20. Rxc5 Rac8 21. Ng5
h6 22. Ne4 Nce7 23. Qg4 Kh7 24. Rdc1 Rxc5 25. Nxc5 Rc8 26. Qf3 Kg8 27. h3 a5 28.
Nd3 Rxc1+ 29. Bxc1 axb4 30. axb4 Nxb4 31. Be3 Qb5 32. Nc5 Nbd5 33. Ne4 Nxe3 34.
Qxe3 Qxe5 35. Qd3 Qd5 36. Qe2 b5 37. Qg4 Qf5 38. Qe2 b4 39. Nd6 Qd5 40. Ne4 f5
41. Nd2 b3 42. Qd1 b2 43. Qe1 Nc6 44. Nb1 Na5 45. Nc3 Qb3 46. Nb1 Nc6 47. Qf1
Qc2 48. g3 Qc1 49. Kg2 Qxf1+ 50. Kxf1 Kf7 51. Ke2 e5 52. Kd3 e4+ 53. Kc3 Ke6 54.
Kxb2 g5 55. Nd2 Nb4 56. Kc3 Nd5+ 57. Kd4 Nf6 58. Nc4 f4 59. gxf4 gxf4 60. Nd2
Kf5 61. Nc4 Ke6 62. Nd2 Kf5 63. Nc4 e3 64. fxe3 f3 65. Nd2 f2 66. Kd3 Ne4 67.
Nf1 Ng5 68. Ke2 Nxh3 69. Ng3+ Kg4 70. Nh1 Kf5 71. Nxf2 Nxf2 72. Kxf2 Ke4 73. Kg3
1/2-1/2

[Event "Druzynowe Mistrzostwa Polski Juniorow 2018 - II Liga"]
[Site "Szczyrk"]
[Date "1899-12-30"]
[Round "5.13"]
[White "Luczak, Filip"]
[Black "Kukula, Karol"]
[Result "1-0"]
[WhiteTitle "CM"]
[BlackTitle "I"]
[WhiteElo "2044"]
[BlackElo "1741"]

1. Nf3 c5 2. g3 Nf6 3. Bg2 e6 4. O-O Be7 5. c4 O-O 6. d4 d5 7. cxd5 exd5 8. Nc3
Nc6 9. Bg5 Re8 10. e3 cxd4 11. Nxd4 Be6 12. Qb3 Nxd4 13. exd4 Ne4 14. Bxe7 Rxe7
15. Rfe1 Rc8 16. Bxe4 dxe4 17. d5 Bf5 18. Rad1 Qd7 19. d6 Re5 20. Qb4 Bg4 21.
Rd5 Bf3 22. Qb5 Qh3 23. Qf1 Qxf1+ 24. Kxf1 Rxd5 25. Nxd5 Rd8 26. Rc1 g6 27. d7
Kg7 28. Rc7 Bg4 29. Rxb7 Rxd7 30. Rxd7 Bxd7 31. Ke2 f5 32. Ke3 Kf7 33. Kd4 Ke6
34. b4 Bc6 35. Nc3 Kd6 36. b5 Bb7 37. a4 g5 38. a5 h5 39. h4 gxh4 40. gxh4 Bc8
41. Nd5 Be6 42. Nf4 Bf7 43. b6 axb6 44. axb6 Kc6 45. Ke5 Kxb6 46. Kxf5 Kc6 47.
Kxe4 Kd6 48. Kf5 Ke7 49. Kg5 Kf8 50. Nxh5 Kg8 51. Nf6+ Kg7 52. h5 Bb3 53. Ne8+
Kf8 54. Nd6 Kg7 55. f4 Bc2 56. f5 Bb1 57. f6+ Kf8 58. Nc4 Kf7 59. Ne5+ Kf8 60.
h6 Bh7 61. Nf3 Kf7 62. Nh4 Kf8 63. Kf4 Kf7 64. Ke5 Bg8 65. Nf5 Bh7 66. Nd6+ Kf8
67. Ne4 Bg6 68. Ng5 Kg8 69. Ke6 Kh8 70. Ke7 Bh5 71. f7 Bxf7 72. Nxf7+ 1-0